Theory of evolution (Record no. 1396792)

MARC details
000 -LEADER
fixed length control field 00534nam a2200193Ia 4500
005 - DATE AND TIME OF LATEST TRANSACTION
control field 20250508165706.0
008 - FIXED-LENGTH DATA ELEMENTS--GENERAL INFORMATION
fixed length control field 008 250505s9999 xx 000 0 eng d
037 ## - SOURCE OF ACQUISITION
Stock number Textual
040 ## - CATALOGING SOURCE
Original cataloging agency FEDL
Language of cataloging eng
Transcribing agency FEDL
041 ## - LANGUAGE CODE
Language code of text/sound track or separate title eng
Source of code eng
084 ## - COLON CLASSIFICATION NUMBER
Classification number 575.01, SMI
Assigning agency FEDL
100 ## - MAIN ENTRY--PERSONAL NAME
Personal name Smith John mayanard
9 (RLIN) 781638
245 #0 - TITLE STATEMENT
Title Theory of evolution
260 ## - PUBLICATION, DISTRIBUTION, ETC.
Place of publication, distribution, etc. New York, USA
Name of publisher, distributor, etc. Cambridge University Press
Date of publication, distribution, etc. 1975
300 ## - PHYSICAL DESCRIPTION
Extent xix,354p.
365 ## - TRADE PRICE
Price type code INR
Price amount 195
942 ## - ADDED ENTRY ELEMENTS (KOHA)
Koha item type Textual
Classification part 575.01, SMI
Holdings
Withdrawn status Lost status Damaged status Not for loan Home library Current library Date acquired Cost, normal purchase price Total Checkouts Full call number Barcode Date last seen Price effective from Koha item type
        Department of Education Library Department of Education Library 2025-05-08 195.00   575.01, SMI EL0090444 2025-05-08 2025-05-08 Textual
Copyright @ Delhi University Library System